| 000 | 01114cam a22002892i 4500 | ||
|---|---|---|---|
| 003 | SA_RiAUC | ||
| 005 | 20250510171016.0 | ||
| 008 | 250510s2008____su g 000 0 ara c | ||
| 020 | _a9786038003015 | ||
| 035 | _aAUC_OC_21626 | ||
| 040 |
_aSA-MaUQU _bara _cSA-RiAUC _erda |
||
| 082 | 0 | 4 |
_a251.6 _qSA-RiAUC |
| 090 |
_a251.6 _bش م ر |
||
| 100 | 1 |
_aالشمراني، عبد الله بن محمد _eمؤلف. |
|
| 245 | 1 | 2 |
_aالمدخل إلى علم المختصرات : _bالمختصرات والقواعد الفقهية نموذجا / _cتأليف عبد الله بن محمد الشمراني. |
| 250 | _aالطبعة الأولى. | ||
| 264 | 1 |
_aالرياض : _bدار طيبة، _c2008 |
|
| 300 |
_a400 صفحة ؛ _c24 سم |
||
| 336 |
_aنص _btxt _2rdacontent _3كتاب |
||
| 337 |
_aبدون وسيط _bn _2rdamedia |
||
| 338 |
_aمجلد _bnc _2rdacarrier |
||
| 650 | 7 |
_aالقواعد الفقهية _2aucsh |
|
| 650 | 7 |
_aأصول الفقه الإسلامي _2aucsh |
|
| 650 | 7 |
_aالوعظ والإرشاد _2aucsh |
|
| 942 |
_2ddc _cBOOK _n0 |
||
| 949 |
_aSA-JeALM _d250510 _umohamedma123 _n1 |
||
| 999 |
_c7777 _d7777 |
||